<?xml version="1.0" encoding="UTF-8"?>
<record
    xmlns:xsi="http://www.w3.org/2001/XMLSchema-instance"
    xsi:schemaLocation="http://www.loc.gov/MARC21/slim http://www.loc.gov/standards/marcxml/schema/MARC21slim.xsd"
    xmlns="http://www.loc.gov/MARC21/slim">

  <leader>01283nam a22003497a 4500</leader>
  <controlfield tag="005">20240530110349.0</controlfield>
  <controlfield tag="008">141215s2009    ua     f b    000 0dara d</controlfield>
  <datafield tag="017" ind1=" " ind2=" ">
    <subfield code="a">23314/2008</subfield>
    <subfield code="b">&#x645;&#x635;&#x631; . &#x62F;&#x627;&#x631; &#x627;&#x644;&#x643;&#x62A;&#x628; &#x627;&#x644;&#x645;&#x635;&#x631;&#x64A;&#x629;</subfield>
  </datafield>
  <datafield tag="020" ind1=" " ind2=" ">
    <subfield code="a">9772583593</subfield>
  </datafield>
  <datafield tag="040" ind1=" " ind2=" ">
    <subfield code="a">EG-CaGPL</subfield>
  </datafield>
  <datafield tag="041" ind1="0" ind2=" ">
    <subfield code="a">ara</subfield>
  </datafield>
  <datafield tag="082" ind1="0" ind2="4">
    <subfield code="2">21</subfield>
    <subfield code="a">616.9\</subfield>
    <subfield code="b">&#x623; &#x623;</subfield>
  </datafield>
  <datafield tag="100" ind1="0" ind2=" ">
    <subfield code="a">&#x627;&#x62D;&#x645;&#x62F; &#x627;&#x646;&#x648;&#x631; &#x634;&#x627;&#x647;&#x64A;&#x646;</subfield>
  </datafield>
  <datafield tag="245" ind1="1" ind2="2">
    <subfield code="a">&#x627;&#x644;&#x627;&#x645;&#x631;&#x627;&#x636; &#x627;&#x644;&#x645;&#x639;&#x62F;&#x64A;&#x629; : </subfield>
    <subfield code="b">&#x627;&#x644;&#x627;&#x645;&#x631;&#x627;&#x636; &#x627;&#x644;&#x645;&#x646;&#x628;&#x639;&#x62B;&#x629; &#x648;&#x627;&#x644;&#x645;&#x633;&#x62A;&#x62C;&#x62F;&#x629; / </subfield>
    <subfield code="c">&#x62A;&#x627;&#x644;&#x64A;&#x641; &#x627;&#x62D;&#x645;&#x62F; &#x627;&#x646;&#x648;&#x631; &#x634;&#x627;&#x647;&#x64A;&#x646; </subfield>
  </datafield>
  <datafield tag="250" ind1=" " ind2=" ">
    <subfield code="a">&#x637; 1</subfield>
  </datafield>
  <datafield tag="260" ind1=" " ind2=" ">
    <subfield code="a">&#x627;&#x644;&#x642;&#x627;&#x647;&#x631;&#x629; : </subfield>
    <subfield code="b">&#x627;&#x644;&#x62F;&#x627;&#x631; &#x627;&#x644;&#x639;&#x631;&#x628;&#x64A;&#x629; &#x644;&#x644;&#x646;&#x634;&#x631; &#x648;&#x627;&#x644;&#x62A;&#x648;&#x632;&#x64A;&#x639; &#x60C; </subfield>
    <subfield code="c">2009</subfield>
  </datafield>
  <datafield tag="300" ind1=" " ind2=" ">
    <subfield code="a">224 &#x635; &#x61B;</subfield>
    <subfield code="c">24 &#x633;&#x645;</subfield>
  </datafield>
  <datafield tag="504" ind1=" " ind2=" ">
    <subfield code="a">&#x628;&#x628;&#x644;&#x64A;&#x648;&#x62C;&#x631;&#x627;&#x641;&#x64A;&#x629; : &#x635; 221 - 222</subfield>
  </datafield>
  <datafield tag="650" ind1="0" ind2="4">
    <subfield code="a">&#x627;&#x644;&#x639;&#x62F;&#x648;&#x649; &#x648;&#x627;&#x644;&#x627;&#x645;&#x631;&#x627;&#x636; &#x627;&#x644;&#x645;&#x639;&#x62F;&#x64A;&#x629;</subfield>
  </datafield>
  <datafield tag="650" ind1="0" ind2="4">
    <subfield code="a">&#x627;&#x644;&#x627;&#x644;&#x62A;&#x647;&#x627;&#x628; &#x627;&#x644;&#x643;&#x628;&#x62F;&#x649; &#x627;&#x644;&#x641;&#x64A;&#x631;&#x648;&#x633;&#x649;</subfield>
  </datafield>
  <datafield tag="650" ind1="0" ind2="4">
    <subfield code="a">&#x627;&#x644;&#x627;&#x645;&#x631;&#x627;&#x636; &#x627;&#x644;&#x62A;&#x646;&#x627;&#x633;&#x644;&#x64A;&#x629;</subfield>
  </datafield>
  <datafield tag="650" ind1="0" ind2="4">
    <subfield code="a">&#x627;&#x644;&#x627;&#x646;&#x641;&#x644;&#x648;&#x646;&#x632;&#x627;</subfield>
  </datafield>
  <datafield tag="650" ind1="0" ind2="4">
    <subfield code="a">&#x627;&#x644;&#x62C;&#x647;&#x627;&#x632; &#x627;&#x644;&#x62A;&#x646;&#x641;&#x633;&#x649;</subfield>
    <subfield code="x">&#x627;&#x645;&#x631;&#x627;&#x636;</subfield>
  </datafield>
  <datafield tag="650" ind1="0" ind2="4">
    <subfield code="a">&#x627;&#x644;&#x627;&#x644;&#x62A;&#x647;&#x627;&#x628; &#x627;&#x644;&#x631;&#x626;&#x648;&#x649;</subfield>
  </datafield>
  <datafield tag="650" ind1="0" ind2="4">
    <subfield code="a">&#x627;&#x644;&#x62C;&#x62F;&#x64A;&#x631;&#x649;</subfield>
  </datafield>
  <datafield tag="650" ind1="0" ind2="4">
    <subfield code="a">&#x627;&#x644;&#x62D;&#x645;&#x649; &#x627;&#x644;&#x642;&#x631;&#x645;&#x632;&#x64A;&#x629;</subfield>
  </datafield>
  <datafield tag="650" ind1="0" ind2="4">
    <subfield code="a">&#x627;&#x644;&#x633;&#x639;&#x627;&#x644; &#x627;&#x644;&#x62F;&#x64A;&#x643;&#x649;</subfield>
  </datafield>
  <datafield tag="650" ind1="0" ind2="4">
    <subfield code="a">&#x627;&#x644;&#x628;&#x643;&#x62A;&#x631;&#x64A;&#x627;</subfield>
  </datafield>
  <datafield tag="650" ind1="0" ind2="4">
    <subfield code="a">&#x627;&#x644;&#x646;&#x643;&#x627;&#x641;</subfield>
  </datafield>
  <datafield tag="942" ind1=" " ind2=" ">
    <subfield code="2">ddc</subfield>
    <subfield code="c">BK</subfield>
  </datafield>
  <datafield tag="999" ind1=" " ind2=" ">
    <subfield code="c">60033</subfield>
    <subfield code="d">60033</subfield>
  </datafield>
  <datafield tag="952" ind1=" " ind2=" ">
    <subfield code="0">0</subfield>
    <subfield code="1">0</subfield>
    <subfield code="4">0</subfield>
    <subfield code="7">0</subfield>
    <subfield code="a">CAI</subfield>
    <subfield code="b">CAI</subfield>
    <subfield code="d">2014-12-15</subfield>
    <subfield code="l">0</subfield>
    <subfield code="o">616.9\ &#x623; &#x623;</subfield>
    <subfield code="p">159013</subfield>
    <subfield code="r">2014-12-15 00:00:00</subfield>
    <subfield code="w">2014-12-15</subfield>
    <subfield code="y">BK</subfield>
  </datafield>
</record>
